000 00451nam a2200157Ia 4500
001 62810
008 180518n ii |||gr||||Z||||||465
082 _a808.78
100 _aBhuyan, G.N.,
_eAuthor.
245 0 _aBenudhar Sharma Commemoration Volume
_cEd: G.N.Bhuyan & D.Chutia
_hTextual Documents
260 _aGuwahatri:
_bKamrupa Anusandhan Samiti.
300 _a289p:
_c23cm.
653 _aG - Literature
653 _aLiterature
942 _2ddc
_cBK
999 _c63917
_d63917